00998nas a2200229Ia 4500001001100000003000900011008004100020040001300061040001300074041001300087100004600100210001200146222001200158245012100170250001100291260002200302501008600324300001800410362003500428500026200463650004300725R142/C8862IT-RoPAU151124c99999999xx |||||||||||| ||und|| aIT-RoPAU cIT-RoPAU aFRANCESE aAllard LaurencegCodice Aut. SPICS: 46092 aRESEAUX aReseaux aRESEAUX, N.068 (NOVEMBRE/DICEMBRE 1994)bDire la Reception: Culture De Masse, Experience Esthetique Et Communication a1a ed. aPARISbCNETc1994 bPaulus - SPICS - Società San Paolo EM (non-commercial uses only)cCopyright2015 a20 p. [65-84] aN.068 (NOVEMBRE/DICEMBRE 1994) aRicezione: Cultura di Massa, Esperienza Estetica e Comunicazione. Dalla Letteratura Alla Televisione. Ricezione ed Esperienza di Comunicazione. Comunicazione Estetica e Attività Comunicativa. Giochi di Linguaggio Diversificati Nei Mondi dell'Arte Plurali. aCOMUNICAZIONEvPUBBLICAZIONE PERIODICA